| 000 | 01776nam a2200361 a 4500 | ||
|---|---|---|---|
| 001 | ebr10478023 | ||
| 003 | CaPaEBR | ||
| 006 | m u | ||
| 007 | cr cn||||||||| | ||
| 008 | 101230s2011 ilua sb 001 0 eng d | ||
| 010 | _z 2010054502 | ||
| 020 | _z9781567934267 (e-book) | ||
| 020 | _z9781567934168 (alk. paper) | ||
| 040 |
_aCaPaEBR _cCaPaEBR |
||
| 035 | _a(OCoLC)742515085 | ||
| 043 | _an-us--- | ||
| 050 | 1 | 4 |
_aKF1183 _b.M35 2011eb |
| 082 | 0 | 4 |
_a344.7303/210425 _222 |
| 100 | 1 |
_aMcLaughlin, Daniel B., _d1945- |
|
| 245 | 1 | 0 |
_aResponding to healthcare reform _h[electronic resource] : _ba strategy guide for healthcare leaders / _cDaniel B. McLaughlin. |
| 260 |
_aChicago, Ill. : _bHealth Administration Press, _cc2011. |
||
| 300 |
_axiii, 169 p. : _bill. |
||
| 490 | 1 | _aACHE management series | |
| 504 | _aIncludes bibliographical references and index. | ||
| 505 | 0 | _aThe theories of the ACA -- Chronic disease management and primary care -- Productivity and quality -- Prevention and wellness -- Systems view scenarios -- Payment incentives -- The safety net -- Funds flow scenarios -- The perfect market : health insurance reform -- Market scenarios -- The future. | |
| 533 |
_aElectronic reproduction. _bPalo Alto, Calif. : _cebrary, _d2011. _nAvailable via World Wide Web. _nAccess may be limited to ebrary affiliated libraries. |
||
| 650 | 0 |
_aHealth insurance _xLaw and legislation _xEconomic aspects _zUnited States. |
|
| 650 | 0 |
_aHealth care reform _xEconomic aspects _zUnited States. |
|
| 655 | 7 |
_aElectronic books. _2local |
|
| 710 | 2 | _aebrary, Inc. | |
| 830 | 0 | _aManagement series (Ann Arbor, Mich.) | |
| 856 | 4 | 0 |
_uhttp://site.ebrary.com/lib/rucke/Doc?id=10478023 _zAn electronic book accessible through the World Wide Web; click to view |
| 999 |
_c222463 _d222463 |
||